000 00958nam a22003017a 4500
001 BR0001129
003 BR-BrBNA
005 20230928100615.0
007 ta
008 230509b bl.||||| |||| 00| 0 por d
040 _aBR-BrBNA
_bpor
_cBiblioteca Nacional de Agricultura
041 _a(Eng, Por)
072 _aE14; F01
090 _ E14 BR0001129
110 1 _aMinisterio da Agricultura e do Abastecimento, Brasilia, DF (Brasil)
_96726
245 1 _aBrazilian fruit [Programa de Apoio e Desenvolvimento da Fruticultura Irrigada do Nordeste-PADFIN]
260 3 _aBrasilia, DF (Brasil):
_c1998.
300 _avp.
500 _aIncludes 5 folders, 3 monografias, 1 decreto, 2 fitas de video
650 _aDesenvolvimento Agricola
650 _aFruta Tropical
650 _aFruticultura
650 _aProducao Vegetal
650 _aExportacao
650 _aProjeto de Desenvolvimento
909 _a202309
_bLucia
_c55
_dLucia Elande
942 _cBK
999 _c62017
_d62017